Buaya mati dua kali (Record no. 52735)

MARC details
000 -LEADER
fixed length control field 00652nam a2200241 i 4500
001 - CONTROL NUMBER
control field C2-0237017
003 - CONTROL NUMBER IDENTIFIER
control field PPAK
005 - DATE AND TIME OF LATEST TRANSACTION
control field 20180727200636.0
008 - FIXED-LENGTH DATA ELEMENTS--GENERAL INFORMATION
fixed length control field 011028s1973 my a|||| ||||| | may d
040 ## - CATALOGING SOURCE
Original cataloging agency PPAK
Language of cataloging eng
Transcribing agency PPAK
Description conventions rda
082 04 - DEWEY DECIMAL CLASSIFICATION NUMBER
Classification number 899.233
Edition number 23
090 00 - LOCALLY ASSIGNED LC-TYPE CALL NUMBER (OCLC); LOCAL CALL NUMBER (RLIN)
Classification number (OCLC) (R) ; Classification number, CALL (RLIN) (NR) 899.233
Feature heading FRA
Feature heading KAM
Classification number (OCLC) (R) ; Classification number, CALL (RLIN) (NR) 899.233
Feature heading FRA
Feature heading KSI
100 1# - MAIN ENTRY--PERSONAL NAME
Personal name Frazer, Shamus,
Relator term author
245 10 - TITLE STATEMENT
Title Buaya mati dua kali
264 #1 - PRODUCTION, PUBLICATION, DISTRIBUTION, MANUFACTURE, AND COPYRIGHT NOTICE
Place of production, publication, distribution, manufacture Kuala Lumpur :
Name of producer, publisher, distributor, manufacturer Fajar Bakti ,
Date of production, publication, distribution, manufacture, or copyright notice 1973
300 ## - PHYSICAL DESCRIPTION
Extent 112 pages :
Other physical details illustrations ;
Dimensions 21 cm
336 ## - CONTENT TYPE
Source rdacontent
Content type term text
337 ## - MEDIA TYPE
Source rdamedia
Media type term unmediated
338 ## - CARRIER TYPE
Source rdacarrier
Carrier type term volume
650 10 - SUBJECT ADDED ENTRY--TOPICAL TERM
Topical term or geographic name entry element Malay fiction
942 ## - ADDED ENTRY ELEMENTS (KOHA)
-- dc
Koha item type Book
Holdings
Withdrawn Not for loan Current library Shelving location Date acquired Full call number Barcode Date last seen Koha item type Total Checkouts
  Not For Loan Perpustakaan Alor Setar Koleksi Salleh Ibrahim 04/08/2002 KSI 899.233 FRA A00211651 08/05/2018 Book  
  Not For Loan Perpustakaan Alor Setar Koleksi Halim R 18/11/2025 KHR 899.233 FRA A00501559 18/11/2025 Book  
  Not For Loan Perpustakaan Kulim Koleksi Ahmad Mokhtar 28/10/2001 KAM 899.233 FRA A00860360 08/05/2018 Book